01788nam a2200361Ia 4500001001200000003000800012006001900020007001500039008004100054020003200095040002100127035002000148050002700168082001400195245029300209260006100502300001600563533015200579650002200731650004300753650004500796650004100841655002900882710003700911710008400948710007701032710003601109710003501145710001701180830008601197856012601283999001701409ebr10072164CaPaEBRm u cr cn|||||||||050329s1998 dcu s 000 0 eng d z0309583918 (electronic bk.) aCaPaEBRcCaPaEBR a(OCoLC)5867828214aQC981.8.C5bA86 1998eb04a551.622200aAtmospheric change and the North American transportation sectorh[electronic resource] :bsummary of a trilateral workshop /cby the Steering Committee on Atmospheric Change and the North American Transportation Sector of the National Research Council of the National Academy of Sciences. aWashington, D.C. :bNational Academy of Sciences,c1998. aviii, 25 p. aElectronic reproduction.bPalo Alto, Calif. :cebrary,d2009.nAvailable via World Wide Web.nAccess may be limited to ebrary affiliated libraries. 0aClimatic changes. 0aTransportationxEnvironmental aspects. 0aGreenhouse gasesxEnvironmental aspects. 0aTransportationxEnergy conservation. 7aElectronic books.2local2 aNational Research Council (U.S.)2 aNational Academy of Sciences (U.S.).bSteering Committee on Atmospheric Change.2 aNational Research Council (U.S.).bNorth American Transportation Sector.2 aCanadian Global Change Program.2 aAcademia Mexicana de Ciencias.2 aebrary, Inc. 0aCanadian Global Change Program incidental report series, 1192-6481 ;vno. IR98-1.40uhttp://site.ebrary.com/lib/rucke/Doc?id=10072164zAn electronic book accessible through the World Wide Web; click to view c44534d44534